[Event "Timbo U2400 op"]
[Site "Timbo"]
[Date "2025.02.15"]
[Round "4"]
[White "De Souza, Murilo Duarte"]
[Black "Biscaia, Jean Michael Bogo M"]
[Result "1/2-1/2"]
[WhiteElo "1633"]
[BlackElo "1439"]
[PlyCount "123"]
[EventDate "2025.02.14"]
[EventType "swiss"]
[EventRounds "6"]
[EventCountry "BRA"]
[SourceTitle "CB10_2025"]
[SourceDate "2025.03.05"]
[SourceVersion "1"]
[SourceVersionDate "2025.03.05"]
[SourceQuality "1"]

1. e4 c5 2. Nc3 d6 3. f4 e6 4. Nf3 a6 5. g3 b5 6. d3 Bb7 7. Bg2 g6 8. Be3 Bg7 9. Rb1 Ne7 10. 0-0 Qc7 11. Qe1 Nd7 12. Qf2 0-0 13. Ne2 f5 14. Ng5 Rf6 15. e5 dxe5 16. fxe5 Nxe5 17. Bxb7 Qxb7 18. Bxc5 h6 19. Nf3 Nxf3+ 20. Qxf3 Qxf3 21. Rxf3 Rf7 22. Nd4 Bxd4+ 23. Bxd4 Nc6 24. Bc5 Rc8 25. Re1 e5 26. Rf2 Rd8 27. Rfe2 h5 28. Kg2 Rfd7 29. b3 Rd5 30. Ba3 Re8 31. Bb2 Kf7 32. h3 Re7 33. g4 fxg4 34. hxg4 hxg4 35. Kg3 Kf6 36. Kxg4 Nd4 37. Rf2+ Nf5 38. Re4 Re6 39. a4 Re7 40. Rfe2 Nh6+ 41. Kf3 Nf7 42. Rf4+ Ke6 43. Rg4 Kf6 44. Rgg2 g5 45. axb5 axb5 46. Bc1 e4+ 47. Rxe4 Rxe4 48. Kxe4 Re5+ 49. Kd4 Ke6 50. c4 bxc4 51. bxc4 Kd6 52. c5+ Kc6 53. Rf2 Rd5+ 54. Ke4 Re5+ 55. Kd4 Rd5+ 56. Ke3 Ne5 57. Ke4 Nxd3 58. Rf6+ Kxc5 59. Ba3+ Kc4 60. Rc6+ Nc5+ 61. Rxc5+ Rxc5 62. Bxc5 1/2-1/2